NBA Most Popular Jerseys - Statistics

General Stats
  • This quiz has been taken 70 times
  • The average score is 20 of 26
Answer Stats
Answer % Correct
Lebron James
100%
Luka Doncic
100%
Stephen Curry
98%
Giannis Antetokounmpo
95%
Jayson Tatum
95%
Nikola Jokic
95%
Jalen Brunson
90%
Kevin Durant
90%
Victor Wembanyama
88%
Anthony Edwards
86%
Devin Booker
86%
Ja Morant
86%
Damian Lillard
83%
Jaylen Brown
83%
Kyrie Irving
83%
Shai Gilgeous-Alexander
81%
Joel Embiid
74%
Klay Thompson
74%
Trae Young
74%
Lamelo Ball
69%
Anthony Davis
62%
Cade Cunningham
60%
Tyrese Maxey
60%
Cooper Flagg
48%
Jordan Poole
38%
RJ Barrett
10%
No matching quizzes found
Score Distribution
Percent of People with Each Score
Percentile by Number Answered
Your Score History
You have not taken this quiz